| 000 | 00721nam a2200181 a 4500 | ||
|---|---|---|---|
| 008 | 071123s2004 ||||||||||||||||| || u | ||
| 020 | _a0854045910 | ||
| 050 | _aTP 155.2.T45 Che | ||
| 100 | _aLetcher, Trevor M | ||
| 245 | 1 | 0 |
_aChemical thermodynamics for industry _cedited by Trevor M. Letcher |
| 260 |
_aLondon _bRoyal Society of Chemistry _c2004 |
||
| 300 | _aviii, 276p.: ill. | ||
| 350 | _a0.00 | ||
| 650 | _aCHEMICAL ENGINEERING | ||
| 650 | _aTHERMODYNAMICS--INDUSTRIAL APPLICATIONS | ||
| 650 | 0 | _aCHEMISTRY--HANDBOOKS, MANUALS, ETC | |
| 995 |
_D0.00 _FCBU-MAIN LIBRARY (Kitwe) _H1 _I0.00 _M1 _UAVAILABLE _WNov 23, 2007 _ZMain Library Open Access Collection |
||
| 999 |
_c37172 _d37172 |
||